000
00251nam a2200121Ia 4500
100
_a
Ray/M
942
_c
BK
654
_a
fluid
245
_a
Fluid dynamics
260
_b
S.Chand and Co.
_a
New Delhi
_c
1968
082
_a
532.05
_b
RAY
546
_a
ENGLISH
999
_c
31447
_d
31447